000 00257nam a2200109Ia 4500
008 190216s9999||||xx |||||||||||||| ||und||
100 _aA Group Of Authors
245 0 _aNaveena Niroopanam
260 _bBhasha Institute
650 _aNiroopanam
942 _cBK
999 _c40430
_d40430